[Event "Ceske Budejovice op-A"]
[Site "Ceske Budejovice"]
[Date "2023.07.06"]
[Round "6"]
[White "Birkisson, Bardur Orn"]
[Black "Tsifanskaya, Ludmila A"]
[Result "1-0"]
[WhiteElo "2199"]
[BlackElo "1964"]
[PlyCount "39"]
[EventDate "2023.07.01"]
[EventType "swiss"]
[EventRounds "9"]
[EventCountry "CZE"]
[SourceTitle "CBM 215 Extra"]
[Source "ChessBase"]
[SourceDate "2023.09.30"]
[SourceVersion "1"]
[SourceVersionDate "2023.09.30"]
[SourceQuality "1"]

1. e4 c5 2. Nf3 Nc6 3. Bb5 g6 4. Bxc6 dxc6 5. d3 Bg7 6. h3 e5 7. Be3 b6 8. a4 a5 9. Na3 f6 10. Nc4 Be6 11. Nfd2 Bh6 12. 0-0 Bxe3 13. Nxe3 Nh6 14. Qe2 0-0 15. f4 exf4 16. Rxf4 Nf7 17. Raf1 Ne5 18. Nf3 g5 19. Nxg5 Ng6 20. Nxe6 1-0

[Event "Bodensee Seniors op"]
[Site "Bregenz"]
[Date "2023.05.15"]
[Round "3"]
[White "Klein, Gernot"]
[Black "Tsifanskaya, Ludmila A"]
[Result "1/2-1/2"]
[WhiteElo "1747"]
[BlackElo "1990"]
[PlyCount "69"]
[EventDate "2023.05.13"]
[EventType "swiss"]
[EventRounds "7"]
[EventCountry "AUT"]
[SourceTitle "CBM 214 Extra"]
[Source "ChessBase"]
[SourceDate "2023.07.31"]
[SourceVersion "1"]
[SourceVersionDate "2023.07.31"]
[SourceQuality "1"]

1. e4 c5 2. Nf3 Nc6 3. Nc3 g6 4. d4 cxd4 5. Nxd4 Bg7 6. Be3 Nf6 7. Bc4 0-0 8. Bb3 d6 9. f3 Bd7 10. Qd2 Nxd4 11. Bxd4 b5 12. h4 a5 13. a4 bxa4 14. Nxa4 h5 15. Nb6 Ra6 16. Nd5 Nxd5 17. Bxg7 Kxg7 18. exd5 e5 19. dxe6 Bxe6 20. Bxe6 fxe6 21. Ra4 Qb6 22. b3 e5 23. Ke2 Qb5+ 24. Qd3 Qc6 25. Rha1 Rf4 26. Rxf4 exf4 27. Ra4 d5 28. Rxf4 Qe8+ 29. Kf2 Rc6 30. Ra4 Qc8 31. Ra2 Rc3 32. Qd4+ Kh7 33. Qxd5 Rxc2+ 34. Rxc2 Qxc2+ 35. Kg1 1/2-1/2

[Event "Wch Seniors 65 30th"]
[Site "Assisi"]
[Date "2022.11.18"]
[Round "4"]
[White "Tsifanskaya, Ludmila A"]
[Black "De Jong, Tom"]
[Result "1/2-1/2"]
[WhiteElo "1919"]
[BlackElo "2216"]
[PlyCount "62"]
[EventDate "2022.11.15"]
[EventType "swiss"]
[EventRounds "11"]
[EventCountry "ITA"]
[SourceTitle "CBM 211 Extra"]
[Source "ChessBase"]
[SourceDate "2023.01.31"]
[SourceVersion "1"]
[SourceVersionDate "2023.01.31"]
[SourceQuality "1"]

1. Nf3 d5 2. g3 c5 3. Bg2 Nc6 4. 0-0 Nf6 5. d4 cxd4 6. Nxd4 e5 7. Nxc6 bxc6 8. c4 Be6 9. Nc3 Rc8 10. cxd5 cxd5 11. Bg5 d4 12. Ne4 Be7 13. Nxf6+ Bxf6 14. Bxf6 gxf6 15. Qa4+ Qd7 16. Qxd7+ Kxd7 17. b3 Rc2 18. f4 Ke7 19. Rf2 Rhc8 20. Be4 Rc1+ 21. Rxc1 Rxc1+ 22. Rf1 Rxf1+ 23. Kxf1 f5 24. Bc2 e4 25. e3 d3 26. Bd1 Kd6 27. Ke1 Kc5 28. a3 a5 29. Kd2 Kb5 30. Kc3 Kc5 31. h3 Kd5 1/2-1/2

[Event "Ceske Budejovice op-A"]
[Site "Ceske Budejovice"]
[Date "2022.07.09"]
[Round "9"]
[White "Musil, Vitezslav"]
[Black "Tsifanskaya, Ludmila A"]
[Result "1/2-1/2"]
[WhiteElo "1834"]
[BlackElo "1939"]
[PlyCount "37"]
[EventDate "2022.07.01"]
[EventType "swiss"]
[EventRounds "9"]
[EventCountry "CZE"]
[SourceTitle "CBM 209 Extra"]
[Source "ChessBase"]
[SourceDate "2022.09.30"]
[SourceVersion "1"]
[SourceVersionDate "2022.09.30"]
[SourceQuality "1"]

1. e4 c5 2. Nf3 Nc6 3. d4 cxd4 4. Nxd4 Qb6 5. Nxc6 bxc6 6. Bd3 d6 7. 0-0 Nf6 8. h3 e5 9. Na3 Be7 10. Nc4 Qc7 11. Ne3 g6 12. c4 Nh5 13. Ng4 Nf4 14. Bxf4 exf4 15. Qf3 h5 16. Nh2 g5 17. Rfe1 Bf6 18. c5 Be5 19. cxd6 1/2-1/2

[Event "Ceske Budejovice op-A"]
[Site "Ceske Budejovice"]
[Date "2022.07.02"]
[Round "2"]
[White "Tsifanskaya, Ludmila A"]
[Black "Nagyova, Daniela"]
[Result "1-0"]
[WhiteElo "1939"]
[BlackElo "1712"]
[PlyCount "87"]
[EventDate "2022.07.01"]
[EventType "swiss"]
[EventRounds "9"]
[EventCountry "CZE"]
[SourceTitle "CBM 209 Extra"]
[Source "ChessBase"]
[SourceDate "2022.09.30"]
[SourceVersion "1"]
[SourceVersionDate "2022.09.30"]
[SourceQuality "1"]

1. Nf3 d5 2. g3 e6 3. Bg2 Nf6 4. 0-0 Be7 5. d3 b6 6. Nbd2 Bb7 7. e4 c5 8. Re1 0-0 9. e5 Ne8 10. c3 Nc7 11. Nf1 Nd7 12. h4 f6 13. exf6 Bxf6 14. Bf4 Re8 15. Ne5 Nxe5 16. Bxe5 Bxe5 17. Rxe5 Qf6 18. f4 Rab8 19. Nh2 Nb5 20. Ng4 Qd8 21. Qe2 Qd6 22. Re1 Nc7 23. Rg5 Re7 24. f5 Rf8 25. f6 Rd7 26. fxg7 Rxg7 27. Rxg7+ Kxg7 28. Qe3 Rf5 29. Qh6+ Kh8 30. Rf1 Rxf1+ 31. Kxf1 Qe7 32. Qf4 Qg7 33. h5 Bc8 34. h6 Qe7 35. Qe5+ Kg8 36. Nf6+ Kf8 37. Kg1 Ba6 38. Qg5 Qf7 39. c4 Ne8 40. Nxe8 Kxe8 41. cxd5 Bxd3 42. Qe5 Qe7 43. dxe6 Bb5 44. Qh8+ 1-0

[Event "Ceske Budejovice op-A"]
[Site "Ceske Budejovice"]
[Date "2022.07.01"]
[Round "1"]
[White "Simek, Petr1111"]
[Black "Tsifanskaya, Ludmila A"]
[Result "1-0"]
[WhiteElo "2348"]
[BlackElo "1939"]
[PlyCount "118"]
[EventDate "2022.07.01"]
[EventType "swiss"]
[EventRounds "9"]
[EventCountry "CZE"]
[SourceTitle "CBM 209 Extra"]
[Source "ChessBase"]
[SourceDate "2022.09.30"]
[SourceVersion "1"]
[SourceVersionDate "2022.09.30"]
[SourceQuality "1"]

1. d4 Nf6 2. c4 e6 3. Nf3 d5 4. g3 g6 5. Bg2 Bg7 6. 0-0 0-0 7. Qc2 Na6 8. a3 c5 9. dxc5 dxc4 10. Qxc4 Qd5 11. Qh4 Qxc5 12. Nc3 Qh5 13. Qxh5 Nxh5 14. Be3 Nf6 15. Bd4 Nc7 16. Rac1 Ncd5 17. Rfd1 b6 18. Nxd5 exd5 19. e3 Bf5 20. Nh4 Be6 21. Rc2 Rac8 22. Re2 Ne4 23. Nf3 f6 24. h3 Rc7 25. Ne1 Rfc8 26. Nd3 Rc2 27. Rxc2 Rxc2 28. Nb4 Rc8 29. Bf1 Ng5 30. h4 Nf3+ 31. Kg2 Nxd4 32. Rxd4 f5 33. Rd2 a5 34. Nxd5 Bxd5+ 35. Rxd5 Bxb2 36. a4 Ba3 37. Rd7 h6 38. Rb7 Bc5 39. Bc4+ Kh8 40. Bf7 Rc6 41. h5 gxh5 42. Bxh5 Bb4 43. Be8 Rf6 44. Bb5 Kg8 45. Bd3 Kf8 46. Rd7 Bd6 47. Kh3 Bb4 48. Rd5 Be1 49. Kg2 Ke7 50. Bxf5 Rd6 51. Rxd6 Kxd6 52. Bd3 Bd2 53. Kf3 Be1 54. Ke2 Bc3 55. f4 Kd5 56. g4 Bf6 57. Bh7 Be7 58. Kd3 Bd8 59. e4+ Kc5 1-0

[Event "WchT Seniors 65"]
[Site "Acqui Terme"]
[Date "2022.06.26"]
[Round "6.1"]
[White "Snape, Ian L"]
[Black "Tsifanskaya, Ludmila A"]
[Result "1/2-1/2"]
[WhiteElo "2127"]
[BlackElo "1935"]
[PlyCount "79"]
[EventDate "2022.06.20"]
[EventType "team-tourn"]
[EventRounds "9"]
[EventCountry "ITA"]
[SourceTitle "CBM 209 Extra"]
[Source "ChessBase"]
[SourceDate "2022.09.30"]
[SourceVersion "1"]
[SourceVersionDate "2022.09.30"]
[SourceQuality "1"]
[WhiteTeam "England 65"]
[BlackTeam "Israel 65 II"]
[WhiteTeamCountry "ENG"]
[BlackTeamCountry "ISR"]

1. c4 Nf6 2. Nc3 g6 3. e4 d6 4. d4 Bg7 5. Nf3 0-0 6. Be2 Na6 7. 0-0 e5 8. Be3 c6 9. a3 Ng4 10. Bg5 f6 11. Bh4 Nh6 12. Qd2 Nf7 13. dxe5 dxe5 14. Rad1 Qxd2 15. Nxd2 Nc7 16. b4 Ne6 17. c5 Nd4 18. Bc4 Be6 19. Bxe6 Nxe6 20. Nb3 a5 21. bxa5 Nd4 22. Nxd4 exd4 23. Ne2 Rxa5 24. Nxd4 Re8 25. f3 Rxc5 26. Bf2 Rc4 27. Nb3 Rc3 28. Nc5 b5 29. a4 bxa4 30. Nxa4 Rc2 31. Rc1 Ra2 32. Nb6 Ne5 33. Rfd1 Bh6 34. Ra1 Rxa1 35. Rxa1 Rd8 36. Kf1 Bf8 37. Ke2 Nd3 38. Be3 Nc5 39. Rc1 Rb8 40. Nc4 1/2-1/2

[Event "Wch Seniors 65 (Women) 29th"]
[Site "Bucharest"]
[Date "2019.11.15"]
[Round "4"]
[White "Tsifanskaya, Ludmila A"]
[Black "Burchardt, Brigitte"]
[Result "0-1"]
[WhiteElo "1981"]
[BlackElo "2082"]
[PlyCount "76"]
[EventDate "2019.11.12"]
[EventType "swiss"]
[EventRounds "11"]
[EventCountry "ROU"]
[SourceTitle "CBM 193 Extra"]
[Source "ChessBase"]
[SourceDate "2020.01.31"]
[SourceVersion "1"]
[SourceVersionDate "2020.01.31"]
[SourceQuality "1"]

1. e4 c5 2. Nf3 d6 3. d4 cxd4 4. Nxd4 Nf6 5. Nc3 a6 6. f4 e5 7. Nf3 Nbd7 8. Bd3 Be7 9. 0-0 0-0 10. Kh1 b5 11. Qe1 Re8 12. fxe5 dxe5 13. a4 b4 14. Nd5 Nxd5 15. exd5 Bf6 16. Qxb4 e4 17. Bxe4 a5 18. Qe1 Ba6 19. Rg1 Nc5 20. Bxh7+ Kxh7 21. Qg3 Qxd5 22. Bg5 Ne4 23. Qh4+ Kg8 24. Bxf6 Nxf6 25. Rge1 Be2 26. Ng1 Bh5 27. Qf4 Ne4 28. Nh3 Qd4 29. c3 Qc4 30. Ng5 Bg6 31. Rad1 Qb3 32. h4 Nxg5 33. Qxg5 Bc2 34. Rxe8+ Rxe8 35. Rd8 Qe6 36. h5 Bxa4 37. Qxa5 Qe1+ 38. Kh2 Qh4+ 0-1

[Event "Wch Seniors 65 (Women) 29th"]
[Site "Bucharest"]
[Date "2019.11.12"]
[Round "1"]
[White "Hrivnakova, Anna"]
[Black "Tsifanskaya, Ludmila A"]
[Result "0-1"]
[WhiteElo "1548"]
[BlackElo "1981"]
[PlyCount "88"]
[EventDate "2019.11.12"]
[EventType "swiss"]
[EventRounds "11"]
[EventCountry "ROU"]
[SourceTitle "CBM 193 Extra"]
[Source "ChessBase"]
[SourceDate "2020.01.31"]
[SourceVersion "1"]
[SourceVersionDate "2020.01.31"]
[SourceQuality "1"]

1. d4 Nf6 2. c4 e6 3. Nc3 d5 4. cxd5 exd5 5. Bg5 Be7 6. Nf3 0-0 7. e3 b6 8. Be2 Bb7 9. Rc1 c5 10. 0-0 Nbd7 11. b3 Rc8 12. h3 Ne4 13. Bxe7 Qxe7 14. Nxe4 dxe4 15. Nh2 f5 16. Bc4+ Kh8 17. Qe2 cxd4 18. exd4 Nf6 19. Ba6 Rxc1 20. Rxc1 Qa3 21. Bxb7 Qxc1+ 22. Nf1 Rd8 23. Qe3 Qxe3 24. fxe3 f4 25. Kf2 g5 26. Ke2 Rd7 27. Ba6 Nd5 28. a4 fxe3 29. g3 Nb4 30. Bc4 Rxd4 31. Nxe3 Rd8 32. g4 Nd3 33. Nf5 Nf4+ 34. Ke3 Nxh3 35. Kxe4 Nf2+ 36. Kf3 Nd3 37. Ke4 Nc5+ 38. Ke3 Rf8 39. Kd4 h5 40. Ne7 Rd8+ 41. Ke5 hxg4 42. Ng6+ Kg7 43. Kf5 g3 44. Kxg5 g2 0-1

[Event "Split op 9th"]
[Site "Split"]
[Date "2019.08.03"]
[Round "1"]
[White "Zelcic, Robert"]
[Black "Tsifanskaya, Ludmila A"]
[Result "1-0"]
[WhiteElo "2514"]
[BlackElo "1960"]
[PlyCount "89"]
[EventDate "2019.08.03"]
[EventType "swiss"]
[EventRounds "9"]
[EventCountry "CRO"]
[SourceTitle "CBM 191 Extra"]
[Source "ChessBase"]
[SourceDate "2019.09.30"]
[SourceVersion "1"]
[SourceVersionDate "2019.09.30"]
[SourceQuality "1"]

1. d4 d5 2. Nc3 Nf6 3. Bg5 e6 4. e4 dxe4 5. Nxe4 Be7 6. Bxf6 Bxf6 7. Nf3 0-0 8. Qd2 Nd7 9. 0-0-0 Qe7 10. Qe3 g6 11. Nxf6+ Qxf6 12. h4 b6 13. Ne5 c5 14. h5 cxd4 15. Nxd7 Bxd7 16. Rxd4 Bc6 17. hxg6 fxg6 18. Bc4 Rae8 19. f3 Bd5 20. Re1 Bxc4 21. Rxc4 Re7 22. Re4 Rd8 23. Rxe6 Rxe6 24. Qxe6+ Qxe6 25. Rxe6 Kf7 26. Rc6 Rd7 27. a4 h5 28. c3 Kg7 29. Re6 Kh6 30. Kc2 Kg5 31. b4 Kf5 32. Re4 g5 33. Rd4 Re7 34. g4+ hxg4 35. fxg4+ Ke5 36. Kd3 Rh7 37. Re4+ Kd5 38. Rd4+ Ke5 39. Re4+ Kd5 40. c4+ Kd6 41. Kd4 Rh1 42. c5+ bxc5+ 43. bxc5+ Kd7 44. Re5 Rd1+ 45. Kc4 1-0

[Event "Wch Seniors 65 (Women) 28th"]
[Site "Bled"]
[Date "2018.11.25"]
[Round "7"]
[White "Tsifanskaya, Ludmila A"]
[Black "Fatalibekova, Elena"]
[Result "1/2-1/2"]
[WhiteElo "1996"]
[BlackElo "2161"]
[PlyCount "70"]
[EventDate "2018.11.18"]
[EventType "swiss"]
[EventRounds "11"]
[EventCountry "SLO"]
[SourceTitle "CBM 187 Extra"]
[Source "ChessBase"]
[SourceDate "2018.11.04"]
[SourceVersion "1"]
[SourceVersionDate "2018.11.04"]
[SourceQuality "1"]

1. e4 c5 2. Nf3 e6 3. b3 Nf6 4. e5 Nd5 5. c4 Nb4 6. a3 N4c6 7. Bb2 d6 8. exd6 Qxd6 9. Be2 Be7 10. 0-0 0-0 11. Nc3 Qd8 12. Na4 Bd7 13. Qc2 Nd4 14. Nxd4 cxd4 15. Bd3 g6 16. b4 e5 17. Rae1 Bd6 18. c5 Bc7 19. Ba1 b5 20. Be4 Nc6 21. Nb2 a5 22. Nd3 axb4 23. Nxb4 Nxb4 24. axb4 Ra4 25. c6 Be6 26. Qc5 Qd6 27. f4 Qxc5 28. bxc5 exf4 29. Bc2 Ra2 30. Bd3 Rxd2 31. Bxb5 f3 32. Rxf3 Bd5 33. Rf2 Bxh2+ 34. Kf1 Rxf2+ 35. Kxf2 Rb8 1/2-1/2

[Event "Panevezys op-A"]
[Site "Panevezys"]
[Date "2018.07.04"]
[Round "7"]
[White "Strods, Kristaps Reinis"]
[Black "Tsifanskaya, Ludmila A"]
[Result "0-1"]
[WhiteElo "1426"]
[BlackElo "2048"]
[PlyCount "90"]
[EventDate "2018.06.29"]
[EventType "swiss"]
[EventRounds "9"]
[EventCountry "LTU"]
[SourceTitle "CBM 185 Extra"]
[Source "ChessBase"]
[SourceDate "2018.07.29"]
[SourceVersion "1"]
[SourceVersionDate "2018.07.29"]
[SourceQuality "1"]

1. e4 c5 2. Nc3 Nc6 3. f4 e6 4. Bc4 Nge7 5. d3 d5 6. Bb3 dxe4 7. Nxe4 Nd4 8. c3 Nxb3 9. axb3 Nd5 10. Nf3 Be7 11. 0-0 0-0 12. Bd2 b6 13. Ne1 Nf6 14. Qf3 Nxe4 15. Qxe4 Qd5 16. Nf3 Bb7 17. Qxd5 Bxd5 18. c4 Bb7 19. Bc3 Rfd8 20. Rad1 a5 21. d4 a4 22. bxa4 Rxa4 23. dxc5 Bxc5+ 24. Kh1 Raa8 25. Ne5 Bd6 26. Rfe1 f6 27. Nd3 Kf7 28. Kg1 Be7 29. Nf2 Bc6 30. Rxd8 Rxd8 31. b4 Ba4 32. Rb1 Rc8 33. c5 bxc5 34. b5 Rb8 35. b6 Bc6 36. Nd3 Be4 37. Rd1 Rxb6 38. Nf2 Rb1 39. Rxb1 Bxb1 40. g3 Ba2 41. Ng4 Bd5 42. Ne3 Be4 43. Kf2 Bd6 44. Nc4 Bb8 45. Nd2 Bd5 0-1

[Event "Panevezys op-A"]
[Site "Panevezys"]
[Date "2018.07.03"]
[Round "6"]
[White "Tsifanskaya, Ludmila A"]
[Black "Piksis, Davids"]
[Result "1/2-1/2"]
[WhiteElo "2048"]
[BlackElo "1631"]
[PlyCount "114"]
[EventDate "2018.06.29"]
[EventType "swiss"]
[EventRounds "9"]
[EventCountry "LTU"]
[SourceTitle "CBM 185 Extra"]
[Source "ChessBase"]
[SourceDate "2018.07.29"]
[SourceVersion "1"]
[SourceVersionDate "2018.07.29"]
[SourceQuality "1"]

1. e4 c5 2. Nf3 e6 3. d3 d5 4. Nbd2 Nc6 5. g3 Nf6 6. Bg2 Be7 7. 0-0 0-0 8. Re1 d4 9. h3 e5 10. Nc4 Bd6 11. a4 Bc7 12. Rf1 Ne8 13. b3 f5 14. exf5 Bxf5 15. Ng5 Nf6 16. g4 Bd7 17. Re1 Re8 18. Ne4 Nxe4 19. Rxe4 Be6 20. g5 g6 21. h4 Bd5 22. Re1 Bxg2 23. Kxg2 Qd5+ 24. Re4 Rf8 25. Bd2 Rf7 26. Qe2 Raf8 27. Rf1 Rf5 28. f3 b6 29. Rg4 Kg7 30. Qe4 Qxe4 31. Rxe4 a6 32. Be1 b5 33. axb5 axb5 34. Na3 b4 35. Nc4 Ra8 36. Bg3 Ra2 37. Re2 h6 38. gxh6+ Kxh6 39. Rfe1 Kg7 40. Rc1 Kf6 41. Nd2 Kg7 42. Ne4 Ra5 43. Ng5 Bd6 44. Ree1 Be7 45. Ne4 Rf8 46. Nd2 Rf5 47. Nc4 Ra8 48. Nxe5 Nxe5 49. Bxe5+ Kf7 50. Bg3 Rh5 51. Re4 Rah8 52. Rce1 Bxh4 53. Rf4+ Bf6 54. Ra1 Re5 55. Ra7+ Re7 56. Rxe7+ Kxe7 57. Re4+ Kd7 1/2-1/2

[Event "Cheliabinsk Governor's Cup WIM"]
[Site "Satka"]
[Date "2017.07.08"]
[Round "8"]
[White "Azimova, Karina"]
[Black "Tsifanskaya, Ludmila A"]
[Result "0-1"]
[WhiteElo "2054"]
[BlackElo "2070"]
[PlyCount "136"]
[EventDate "2017.06.30"]
[EventType "tourn"]
[EventRounds "9"]
[EventCountry "RUS"]
[SourceTitle "EXT 2018"]
[Source "ChessBase"]
[SourceDate "2017.10.13"]
[SourceVersion "1"]
[SourceVersionDate "2017.10.13"]
[SourceQuality "1"]

1. e4 c5 2. Nc3 Nc6 3. Nge2 e6 4. d4 cxd4 5. Nxd4 Nf6 6. Be2 a6 7. Nxc6 bxc6 8. e5 Nd5 9. Ne4 f5 10. exf6 Nxf6 11. Bg5 Qa5+ 12. Bd2 Qd5 13. Nxf6+ gxf6 14. Bh5+ Ke7 15. 0-0 Rb8 16. Bf3 Qf5 17. c4 Rxb2 18. Bc3 Rb8 19. Qd4 c5 20. Qe3 Rg8 21. Be4 Qh5 22. Bxf6+ Kxf6 23. Qf4+ Ke7 24. Qxb8 Bg7 25. g3 Bd4 26. Rad1 Qe2 27. Qf4 Rf8 28. Qg5+ Ke8 29. Rxd4 cxd4 30. Bxh7 d6 31. Qg7 Qf3 32. Qc7 Bd7 33. Qxd6 Rf6 34. Qb8+ Ke7 35. Qb3 Bc6 36. Qxf3 Rxf3 37. h4 Rc3 38. g4 Bf3 39. g5 d3 40. Bxd3 Rxd3 41. Kh2 Rc3 42. Re1 Rxc4 43. Kg3 Bh5 44. Re3 Rg4+ 45. Kh3 Ra4 46. a3 Kd6 47. f3 e5 48. Kg3 Kd5 49. Rd3+ Rd4 50. Re3 a5 51. Kh3 a4 52. Kg3 Bg6 53. Rc3 Rc4 54. Re3 Kd4 55. Re1 Rc3 56. Kg4 Kd5 57. h5 Rc4+ 58. Kg3 Bxh5 59. Rh1 Bg6 60. Rh8 Rc6 61. Ra8 Bc2 62. Kg4 Kc4 63. Rb8 Kd4 64. Kh5 Ke3 65. Rf8 Bd1 66. g6 Bxf3+ 67. Kg5 Be4 68. g7 Rg6+ 0-1

[Event "Cheliabinsk Governor's Cup WIM"]
[Site "Satka"]
[Date "2017.07.07"]
[Round "7"]
[White "Mironenko, Galina"]
[Black "Tsifanskaya, Ludmila A"]
[Result "1/2-1/2"]
[WhiteElo "1950"]
[BlackElo "2070"]
[PlyCount "53"]
[EventDate "2017.06.30"]
[EventType "tourn"]
[EventRounds "9"]
[EventCountry "RUS"]
[SourceTitle "EXT 2018"]
[Source "ChessBase"]
[SourceDate "2017.10.13"]
[SourceVersion "1"]
[SourceVersionDate "2017.10.13"]
[SourceQuality "1"]

1. c4 c5 2. Nf3 Nc6 3. g3 g6 4. d4 cxd4 5. Nxd4 Bg7 6. Nxc6 bxc6 7. Bg2 Nf6 8. 0-0 0-0 9. Nc3 a5 10. Qc2 Ba6 11. c5 a4 12. Nxa4 Bxe2 13. Re1 Bg4 14. Nb6 Ra7 15. a4 d5 16. a5 Bf5 17. Qa4 Ne4 18. Bxe4 Bxe4 19. Qxc6 Rc7 20. Qb5 Bd4 21. Na4 e5 22. Be3 Qf6 23. Qe2 Bf3 24. Qd3 Be4 25. Qe2 Bf3 26. Qd3 Be4 27. Qe2 1/2-1/2

[Event "Cheliabinsk Governor's Cup WIM"]
[Site "Satka"]
[Date "2017.07.04"]
[Round "4"]
[White "Tsifanskaya, Ludmila A"]
[Black "Mukhina, Jana"]
[Result "1/2-1/2"]
[WhiteElo "2070"]
[BlackElo "1927"]
[PlyCount "93"]
[EventDate "2017.06.30"]
[EventType "tourn"]
[EventRounds "9"]
[EventCountry "RUS"]
[SourceTitle "EXT 2018"]
[Source "ChessBase"]
[SourceDate "2017.10.13"]
[SourceVersion "1"]
[SourceVersionDate "2017.10.13"]
[SourceQuality "1"]

1. Nf3 Nf6 2. g3 b5 3. Bg2 Bb7 4. 0-0 e6 5. d3 c5 6. Nbd2 Be7 7. e4 d6 8. Re1 0-0 9. c3 Nc6 10. Nf1 Qc7 11. h3 Rfd8 12. g4 Ne5 13. Ng3 c4 14. d4 Nd3 15. Re2 a5 16. Ne1 Nxc1 17. Qxc1 b4 18. a3 bxa3 19. bxa3 Rab8 20. Rb2 Bc6 21. Rab1 Nd7 22. Nf3 d5 23. Rxb8 Rxb8 24. Rxb8+ Qxb8 25. Nd2 Qf4 26. exd5 Bxd5 27. Bxd5 exd5 28. Qb2 Bh4 29. Ndf1 Nf6 30. Nf5 Bg5 31. Qb7 h5 32. Ne7+ Kh7 33. Nxd5 Nxd5 34. Qxd5 hxg4 35. hxg4 Qxg4+ 36. Qg2 Qxg2+ 37. Kxg2 a4 38. Ne3 Bxe3 39. fxe3 Kg6 40. Kf3 Kf6 41. e4 Ke6 42. Kf4 g6 43. d5+ Kd6 44. Kg5 Ke5 45. Kh6 Kd6 46. Kg5 Ke5 47. Kh6 1/2-1/2

[Event "Wch Seniors 65 (Women) 26th"]
[Site "Marianske Lazne"]
[Date "2016.11.27"]
[Round "7"]
[White "Sorokina, Tamara"]
[Black "Tsifanskaya, Ludmila A"]
[Result "1/2-1/2"]
[WhiteElo "2080"]
[BlackElo "2104"]
[PlyCount "37"]
[EventDate "2016.11.19"]
[EventType "swiss"]
[EventRounds "9"]
[EventCountry "CZE"]
[SourceTitle "CBM 175 Extra"]
[Source "ChessBase"]
[SourceDate "2016.12.12"]
[SourceVersion "1"]
[SourceVersionDate "2016.12.12"]
[SourceQuality "1"]

1. d4 Nf6 2. Nd2 c5 3. e3 b6 4. Ngf3 Bb7 5. Bd3 g6 6. c3 Bg7 7. e4 d6 8. 0-0 0-0 9. Re1 Nc6 10. d5 Nb8 11. h3 Nbd7 12. Nf1 Qc7 13. c4 Ne5 14. Nxe5 dxe5 15. Ng3 Ne8 16. Be3 Nd6 17. Qd2 f6 18. Bh6 Nf7 19. Bxg7 1/2-1/2

[Event "Wch Seniors 65 (Women) 25th"]
[Site "Acqui Terme"]
[Date "2015.11.20"]
[Round "8"]
[White "Tsifanskaya, Ludmila A"]
[Black "Kozlovskaya, Valentina"]
[Result "1-0"]
[WhiteElo "2077"]
[BlackElo "2249"]
[PlyCount "51"]
[EventDate "2015.11.10"]
[EventType "tourn"]
[EventRounds "9"]
[EventCountry "ITA"]
[SourceTitle "CBM 169 Extra"]
[Source "ChessBase"]
[SourceDate "2015.12.18"]
[SourceVersion "1"]
[SourceVersionDate "2015.12.18"]
[SourceQuality "1"]

1. e4 c5 2. Nf3 d6 3. d4 cxd4 4. Qxd4 Nc6 5. Bb5 Bd7 6. Bxc6 Bxc6 7. Nc3 e6 8. Bg5 Nf6 9. 0-0-0 Be7 10. Qd3 Qa5 11. Bd2 a6 12. Kb1 Qc7 13. Nd4 0-0 14. f4 Rfc8 15. f5 e5 16. Nxc6 bxc6 17. g4 Qb7 18. g5 Rab8 19. b3 Ne8 20. h4 Rd8 21. h5 Bf8 22. f6 d5 23. fxg7 Nxg7 24. g6 Ne6 25. Qg3 Bd6 26. gxf7+ 1-0

[Event "Wch Seniors 65 (Women) 25th"]
[Site "Acqui Terme"]
[Date "2015.11.15"]
[Round "5"]
[White "Tsifanskaya, Ludmila A"]
[Black "Kuznetsova, Luba"]
[Result "1/2-1/2"]
[WhiteElo "2077"]
[BlackElo "2014"]
[PlyCount "63"]
[EventDate "2015.11.10"]
[EventType "tourn"]
[EventRounds "9"]
[EventCountry "ITA"]
[SourceTitle "CBM 169 Extra"]
[Source "ChessBase"]
[SourceDate "2015.12.18"]
[SourceVersion "1"]
[SourceVersionDate "2015.12.18"]
[SourceQuality "1"]

1. e4 d5 2. exd5 Qxd5 3. Nc3 Qa5 4. d4 c6 5. Bc4 Nf6 6. Bd2 Qd8 7. Nf3 Bf5 8. 0-0 e6 9. Bb3 Bd6 10. Ne5 0-0 11. Qe2 Bg6 12. Nxg6 hxg6 13. Ne4 Nxe4 14. Qxe4 Na6 15. c4 Nc7 16. Bc3 Ne8 17. Rad1 Nf6 18. Qf3 Qc7 19. g3 Be7 20. Rfe1 Rfd8 21. Qe2 Bf8 22. Rc1 Rac8 23. Red1 b6 24. Rc2 Qb7 25. Qf3 Be7 26. a4 Rd7 27. Rcd2 Rcd8 28. Bc2 a5 29. Be4 Nxe4 30. Qxe4 Qc7 31. Qc2 Bf6 32. Qb3 1/2-1/2

[Event "Wch Seniors 65 (Women) 25th"]
[Site "Acqui Terme"]
[Date "2015.11.14"]
[Round "4"]
[White "Fatalibekova, Elena"]
[Black "Tsifanskaya, Ludmila A"]
[Result "1/2-1/2"]
[WhiteElo "2242"]
[BlackElo "2077"]
[PlyCount "88"]
[EventDate "2015.11.10"]
[EventType "tourn"]
[EventRounds "9"]
[EventCountry "ITA"]
[SourceTitle "CBM 169 Extra"]
[Source "ChessBase"]
[SourceDate "2015.12.18"]
[SourceVersion "1"]
[SourceVersionDate "2015.12.18"]
[SourceQuality "1"]

1. e4 c5 2. Nf3 Nc6 3. Bb5 g6 4. 0-0 Bg7 5. Re1 Nf6 6. e5 Nd5 7. Nc3 Nc7 8. Bxc6 dxc6 9. d3 0-0 10. Ne4 b6 11. h3 Bf5 12. Ng3 Be6 13. b3 f6 14. Bb2 Bd5 15. exf6 exf6 16. Nd2 Bf7 17. Nc4 b5 18. Nd2 Ne6 19. a4 Nd4 20. Nge4 f5 21. Nxc5 Qd5 22. b4 Nf3+ 23. Nxf3 Bxb2 24. Rb1 Bc3 25. Re2 a5 26. d4 axb4 27. axb5 cxb5 28. Nd3 Qd6 29. Nde5 Ba2 30. Rc1 Bb2 31. h4 Bxc1 32. Qxc1 Bd5 33. h5 Bxf3 34. Nxf3 Rfe8 35. Rd2 Ra3 36. Rd1 Rea8 37. Qb2 b3 38. cxb3 Qd5 39. Rb1 b4 40. Qc2 Ra1 41. Rxa1 Rxa1+ 42. Kh2 Ra8 43. Qc7 Qf7 44. Qb6 Qe8 1/2-1/2

[Event "Teplice op 10th"]
[Site "Teplice"]
[Date "2015.06.21"]
[Round "9"]
[White "Jarmula, Lukasz"]
[Black "Tsifanskaya, Ludmila A"]
[Result "1-0"]
[WhiteElo "2384"]
[BlackElo "2092"]
[PlyCount "53"]
[EventDate "2015.06.13"]
[EventType "swiss"]
[EventRounds "9"]
[EventCountry "CZE"]
[SourceTitle "EXT 2017"]
[Source "ChessBase"]
[SourceDate "2016.10.25"]
[SourceVersion "1"]
[SourceVersionDate "2016.10.25"]
[SourceQuality "1"]

1. d4 d5 2. c4 dxc4 3. e3 Nf6 4. Bxc4 e6 5. Nf3 Be7 6. 0-0 0-0 7. Qe2 c5 8. Nc3 a6 9. a4 Nc6 10. Rd1 Qc7 11. dxc5 Bxc5 12. h3 b6 13. e4 Ne5 14. Bf4 Nxf3+ 15. Qxf3 Bxf2+ 16. Qxf2 Qxc4 17. Rd4 Qc6 18. Rc1 Qb7 19. Bd6 Rd8 20. e5 Ne8 21. Ne4 Nxd6 22. exd6 e5 23. Nf6+ gxf6 24. Qxf6 Bxh3 25. Rd2 Qe4 26. gxh3 Qe3+ 27. Kh1 1-0